Нелинейный циклотроно-примесный резонанс в полупроводниках; Журнал экспериментальной и теоретической физики; Т. 126, вып. 3

Detalles Bibliográficos
Parent link:Журнал экспериментальной и теоретической физики=ЖЭТФ/ Российская академия наук (РАН) ; Отделение физических наук РАН.— , 1931-.— 0044-4510
Т. 126, вып. 3.— 2004.— с. 727-733
Autor principal: Маргулис В. А.
Lenguaje:ruso
Publicado: 2004
Colección:Твердые тела
Materias:
Formato: MixedMaterials Capítulo de libro
KOHA link:https://koha.lib.tpu.ru/cgi-bin/koha/opac-detail.pl?biblionumber=431822

MARC

LEADER 00000naa2a2200000 4500
001 431822
005 20231101075419.0
035 |a (RuTPU)RU\TPU\prd\91995 
035 |a RU\TPU\prd\34407 
090 |a 431822 
100 |a 20101202a2004 k y0rusy50 ca 
101 0 |a rus 
102 |a RU 
200 1 |a Нелинейный циклотроно-примесный резонанс в полупроводниках  |f В. А. Маргулис 
225 1 |a Твердые тела  |e Электронные свойства 
320 |a Библиогр.: 26 назв. 
461 1 |0 (RuTPU)RU\TPU\prd\1443  |x 0044-4510  |t Журнал экспериментальной и теоретической физики  |l ЖЭТФ  |f Российская академия наук (РАН) ; Отделение физических наук РАН  |d 1931- 
463 1 |0 (RuTPU)RU\TPU\prd\91978  |t Т. 126, вып. 3  |v с. 727-733  |d 2004 
610 1 |a полупроводники 
610 1 |a циклотронно-примесный резонанс 
610 1 |a нелинейное поглощение 
610 1 |a электромагнитное излучение 
610 1 |a электроны 
610 1 |a магнитное поле 
700 1 |a Маргулис  |b В. А. 
801 1 |a RU  |b 63413507  |c 20050330  |g PSBO 
801 2 |a RU  |b 63413507  |c 20101203  |g RCR 
942 |c BK